00426nam a22001577a 450000500170000001000140001702000230003103500130005403700130006708200100008010000160009024500400010626000320014627000700017830000200024820100804110938.0 aENG-98064 a8189985116c200.00 aEN-81597 bDBAD/PUB a338.7 aGayathri,J  aBusiness Economics /cby J Gayathri aChennaibMayura Booksc2009 aMayura books No.12/1, East Mada Street MylaporebChennai e600004 a232pc20cm(pbk)